Robinson Crusoe
Gardado en:
| Autor Principal: | |
|---|---|
| Formato: | Libro |
| Idioma: | Lingua castelá |
| Publicado: |
Santiago
Zig-Zag
1984
|
| Series: | Colección Juvenil Zig-Zag
|
| Subjects: | |
| Tags: |
Engadir etiqueta
Sen Etiquetas, Sexa o primeiro en etiquetar este rexistro!
|
MARC
| LEADER | 00000nam a2200000 a 4500 | ||
|---|---|---|---|
| 001 | UCH4363 | ||
| 003 | CL-VaPUC | ||
| 008 | 090818e19840000CL |||||||||||||||||spa|d | ||
| 082 | 0 | 4 | |a 823 |b DEF |2 21 |
| 100 | |a Defoe, Daniel |e author |9 338739 | ||
| 245 | 1 | 0 | |a Robinson Crusoe |
| 300 | |a 159 p | ||
| 942 | |c BK | ||
| 945 | |d 20090818 00:00:00 |a lazolas | ||
| 260 | |a Santiago |b Zig-Zag |c 1984 | ||
| 650 | 0 | |a Novelas inglesas |9 265220 | |
| 583 | |a last modification |c 20160520 16:17:03 |k Rodrigo Vera | ||
| 490 | 0 | |a Colección Juvenil Zig-Zag | |
| 999 | |c 335687 |d 335685 | ||